| 000 | 01138nam a2200241 a 4500 | ||
|---|---|---|---|
| 001 | 56931 | ||
| 003 | BD-RjUL | ||
| 005 | 20211209080442.0 | ||
| 008 | 161205s1974 ii ||||| |||| 00| 0 ben d | ||
| 020 | _c: IRs. 45.00 | ||
| 035 | _a(BD-RjUL)57055 | ||
| 040 |
_aBD-RjUL _bben _cBD-RjUL _dBD-RjUL |
||
| 041 | _aben | ||
| 082 |
_223 _a297.12259144 _bQUR 1974 |
||
| 245 | 0 | 0 |
_aকোরআন শরীফ: _b[প্রয়োজনীয় টীকা সহ সমগ্র কোরআন শরীফের বঙ্গানুবাদ] / _cঅনুবাদ: মোবারক করীম জওহর |
| 260 |
_aকলকাতা : _bহরফ প্রকাশনী, _c১৯৭৪ |
||
| 300 |
_a৩৮৪ পৃ. ; _c২৪ সেমি. |
||
| 500 | _a"প্রয়োজনীয় টীকা সহ সমগ্র কোরআন শরীফের বঙ্গানুবাদ" | ||
| 650 |
_aকুরআন _vবঙ্গানুবাদ _9119427 |
||
| 650 |
_aQuran _vBengali Translation _9119428 |
||
| 700 |
_aজওহর, মোবারক করীম অনুবাদক _9237225 |
||
| 942 |
_2ddc _cBK |
||
| 999 |
_c56931 _d56931 |
||